01128nam a2200193Ia 4500001001000000003001000010008004100020040002500061041001200086100002600098245005900124250001100183260004100194300002500235500026000260501011400520520026000634650004000894L203-2390IT-CnALBA170116s9999||||xx |||||||||||||| ||und|| aIT-CnALBAcIT-CnALBA aLATINO  aCARAFFA MONS. FILIPPO 0aBIBLIOTHECA SANCTORUM. VOLL. I-XII. APPENDICE INDICI.  a1a ed. a ROMAbCITTÀ NUOVA EDITRICE cn.d. a p. (prefazione: 32) aPREFAZIONE. NORME PER LA CONSULTAZIONE. ABBREVIAZIONI. SISTEMA DI TRASCRIZIONE DELLE PRINCIPALI LINGUE ORIENTALI. REDATTORI: AMOREA., BALBONI D., BURCHI P., CIGNITTI B., IRENEO D., ALONSO JF., GARSIA DE ORBISO T., GORDINI GD., LUCCHESI G., RIDOLFINI PF.,  aSocietà San Paolo EM - Piazza San Paolo, 14 - 12051 ALBA (CN) (non commercial uses only) ® Copyright 2017 aPREFAZIONE. NORME PER LA CONSULTAZIONE. ABBREVIAZIONI. SISTEMA DI TRASCRIZIONE DELLE PRINCIPALI LINGUE ORIENTALI. REDATTORI: AMOREA., BALBONI D., BURCHI P., CIGNITTI B., IRENEO D., ALONSO JF., GARSIA DE ORBISO T., GORDINI GD., LUCCHESI G., RIDOLFINI PF.,  aDIZIONARI ED ENCICLOPEDIE CATTOLICI